Kabale University Library Catalogue

Teacher's guide for exploring regions near and far / (Record no. 5781)

MARC details
000 -LEADER
fixed length control field 00612nam a22001817a 4500
005 - DATE AND TIME OF LATEST TRANSACTION
control field 20250811155802.0
008 - FIXED-LENGTH DATA ELEMENTS--GENERAL INFORMATION
fixed length control field 250811b |||||||| |||| 00| 0 eng d
040 ## - CATALOGING SOURCE
Original cataloging agency KABLIB
Transcribing agency KABLIB
Description conventions rda
082 ## - DEWEY DECIMAL CLASSIFICATION NUMBER
Edition number 23
Classification number 910.09
Item number EXP
100 ## - MAIN ENTRY--PERSONAL NAME
Personal name Gross, Herbert
9 (RLIN) 14629
245 ## - TITLE STATEMENT
Title Teacher's guide for exploring regions near and far /
Statement of responsibility, etc. Herbert H. Gross, Robert E. Gabler, Alta McIntire.
250 ## - EDITION STATEMENT
Edition statement 3rd ed.
260 ## - PUBLICATION, DISTRIBUTION, ETC.
Place of publication, distribution, etc. Chicago :
Name of publisher, distributor, etc. Follett Publishing Company,
Date of publication, distribution, etc. c1964.
300 ## - PHYSICAL DESCRIPTION
Extent 288 p. :
Other physical details ill. (some colour) ;
Dimensions 26 cm.
500 ## - GENERAL NOTE
General note Includes glossary, index.
650 ## - SUBJECT ADDED ENTRY--TOPICAL TERM
Topical term or geographic name entry element World geography
9 (RLIN) 14630
942 ## - ADDED ENTRY ELEMENTS (KOHA)
Source of classification or shelving scheme Dewey Decimal Classification
Koha item type Book
Holdings
Withdrawn status Lost status Source of classification or shelving scheme Damaged status Not for loan Home library Current library Shelving location Date acquired Total Checkouts Full call number Barcode Date last seen Price effective from Koha item type
    Dewey Decimal Classification     Education Library Education Library Open Access Section 11.08.2025   910.09 EXP 282 11.08.2025 11.08.2025 Book
    Dewey Decimal Classification     Education Library Education Library Open Access Section 11.08.2025   910.09 EXP 281 11.08.2025 11.08.2025 Book

Kabale University Library | Kabale University P.O Box 317, Kabale, Uganda
Tel : +256754017033, +256774661503 E-mail : library@kab.ac.ug